| 000 | 01482nam a2200301 4500 | ||
|---|---|---|---|
| 003 | EC-UNACH | ||
| 005 | 20251021124128.0 | ||
| 006 | s||||gr|||| 00| 00 | ||
| 008 | 150116t9999 mx r gr 000 0 spa d | ||
| 020 | _a607481268-3 | ||
| 040 |
_aEC-UNACH _cEC-UNACH |
||
| 041 | _aspa | ||
| 082 | 0 | 4 |
_223 _a657 _bL017837 |
| 110 | _aCosegraf | ||
| 245 | _aContabilidad Administrativa | ||
| 250 | _aDecima edición | ||
| 264 |
_aMexico _bCosegraf _c2010 |
||
| 300 | _a639 | ||
| 505 | _a1. Introducción a la contabilidad administrativa.2. Orden de trabajo dentro del sistema de costos.3. Sistemas de costos dentro del proceso.4. Comportamiento de los gastos y análisis de costo-volumen-ganancias.5. Costos variables.6. Elaboración de presupuestos.7. Evaluación de rendimiento en costos estándar.8. Evaluación de rendimiento en operaciones descentralizadas.9. Análisis de diferencial y precios de productos.10. Análisis del capital de inversiones.11. Los gastos asignación y actividad-based costing.12. Costos de gestión para entornos Just-in-Time.13. Declaración de flujos de efectivo.14. Financiera análisis de instrucción. | ||
| 650 | _aConceptos y principios de contabilidad administrativa | ||
| 650 | _aCosteo por ordenes de producción | ||
| 650 | _aSistemas de costos por procesos | ||
| 700 | _aWarren Reeve Duchac | ||
| 942 |
_2ddc _c1 |
||
| 999 | _c14051 | ||